<?xml version="1.0" encoding="UTF-8"?>
<record
    xmlns:xsi="http://www.w3.org/2001/XMLSchema-instance"
    xsi:schemaLocation="http://www.loc.gov/MARC21/slim http://www.loc.gov/standards/marcxml/schema/MARC21slim.xsd"
    xmlns="http://www.loc.gov/MARC21/slim">

  <leader>00687nam a22002057a 4500</leader>
  <controlfield tag="003">DEla salle</controlfield>
  <controlfield tag="005">20140310182945.0</controlfield>
  <controlfield tag="008">130205t        xxu||||| |||| 00| 0 eng d</controlfield>
  <datafield tag="020" ind1=" " ind2=" ">
    <subfield code="a">9711108895</subfield>
  </datafield>
  <datafield tag="050" ind1=" " ind2=" ">
    <subfield code="a">DS 675.8</subfield>
    <subfield code="b">.R763 1978</subfield>
  </datafield>
  <datafield tag="082" ind1=" " ind2=" ">
    <subfield code="a">FIL 920 .R763 1978</subfield>
    <subfield code="b">.R763 1978</subfield>
  </datafield>
  <datafield tag="245" ind1=" " ind2=" ">
    <subfield code="a">Rizal and the development of national consciousness</subfield>
    <subfield code="b">a textbook for the course of Rizal's life, works and writings</subfield>
    <subfield code="c">Romero, Ma. Corona S., Sta. Romana, Julita R., Santos,Lourdes Y.</subfield>
  </datafield>
  <datafield tag="260" ind1=" " ind2=" ">
    <subfield code="a">[S.l.] </subfield>
    <subfield code="b">[s.n.]</subfield>
    <subfield code="c">c1978</subfield>
  </datafield>
  <datafield tag="300" ind1=" " ind2=" ">
    <subfield code="a">vii, 192, [8] p.</subfield>
    <subfield code="c">27 cm.</subfield>
    <subfield code="b">ill.</subfield>
  </datafield>
  <datafield tag="521" ind1=" " ind2=" ">
    <subfield code="a">college students</subfield>
  </datafield>
  <datafield tag="526" ind1=" " ind2=" ">
    <subfield code="c">1210L-1700L</subfield>
  </datafield>
  <datafield tag="541" ind1=" " ind2=" ">
    <subfield code="j">1</subfield>
  </datafield>
  <datafield tag="562" ind1=" " ind2=" ">
    <subfield code="e">1</subfield>
  </datafield>
  <datafield tag="942" ind1=" " ind2=" ">
    <subfield code="2">lcc</subfield>
    <subfield code="c">BK</subfield>
    <subfield code="k">FIL</subfield>
  </datafield>
  <datafield tag="999" ind1=" " ind2=" ">
    <subfield code="c">17797</subfield>
    <subfield code="d">17797</subfield>
  </datafield>
  <datafield tag="952" ind1=" " ind2=" ">
    <subfield code="0">0</subfield>
    <subfield code="1">0</subfield>
    <subfield code="2">lcc</subfield>
    <subfield code="4">0</subfield>
    <subfield code="a">CL</subfield>
    <subfield code="b">CL</subfield>
    <subfield code="c">FIL</subfield>
    <subfield code="d">2013-02-05</subfield>
    <subfield code="l">3</subfield>
    <subfield code="m">5</subfield>
    <subfield code="o">DS 675.8 .R763 1978</subfield>
    <subfield code="p">c4009</subfield>
    <subfield code="r">2020-02-11 00:00:00</subfield>
    <subfield code="s">2020-02-04</subfield>
    <subfield code="t">1</subfield>
    <subfield code="w">2013-02-05</subfield>
    <subfield code="y">BK</subfield>
  </datafield>
</record>
